00547nam a22001817a 4500020001800000082001200018100001700030245003000047250001200077260003000089300001000119650002500129650002100154700002200175942000700197999001700204952014400221 a9788120350670 a004 RAJ aV. Rajaraman aFundamentals of Computers a6th ed. aDelhibPHI learningc2015 a428p. aComputer programming aComputer science aNeeharika Adabala cBK c13727d13727 001040708NFICaNLSbNLScCSd2016-09-28eAllied Book Companyg443.68l2m3o004 RAJpSEECS013510r2024-01-12s2023-11-15w2016-09-28yBK